000 00520nam a2200181Ia 4500
003 GCL
008 140319s9999 xx 000 0 eng d
040 _aGCL /
_cGCL
082 0 4 _a604.24
_bG E
100 1 _aGALAL, S.A. SHAWKI
245 1 0 _aENGINEERING GRAPHIC LANGUAGE :
_bCONCEPTS AND APPLICATIONS /
_cGALAL, S.A. SHAWKI
260 _aقطر :
_bAL-AHLEIA P. PRESS
300 _a363 P
_bILL. ؛
_c30 cm.
650 0 4 _aCOMPUTER GRAPHICS
650 0 4 _aENGINEERING GRAPHICS
650 0 4 _aENGINEERING
942 _2ddc
_cBK
999 _c7814
_d7814